Design of experiments for engineers and science

Uloženo v:
Podrobná bibliografie
Hlavní autor: Antony, Jiju
Médium: Kniha
Jazyk:Undetermined
Vydáno: London Butter Worth Heinemann 2003
Témata:
Tagy: Přidat tag
Žádné tagy, Buďte první, kdo otaguje tento záznam!
Thư viện lưu trữ: Trung tâm Học liệu Trường Đại học Cần Thơ
LEADER 00543nam a2200193Ia 4500
001 CTU_93231
008 210402s9999 xx 000 0 und d
020 |c 39.19 
082 |a 670.72 
082 |b A634 
100 |a Antony, Jiju 
245 0 |a Design of experiments for engineers and science 
245 0 |c Jiju Antony 
260 |a London 
260 |b Butter Worth Heinemann 
260 |c 2003 
650 |a Experimental design,Research, industrial 
904 |i Tuyến,Hải 
980 |a Trung tâm Học liệu Trường Đại học Cần Thơ